[Event "IECG QB.2004.0.00051"]
[Site "IECG email"]
[Date "2004.04.07"]
[Round "?"]
[White "Pierrard, Bernard"]
[Black "Bylund, Jonas"]
[Result "1-0"]
[WhiteElo "1960"]
[BlackElo "1800"]
[PlyCount "36"]
[EventDate "2004.04.07"]
[EventType "tourn (corr)"]
[EventRounds "6"]
[SourceTitle "Corr 2008"]
[Source "ChessBase"]
[SourceDate "2008.06.24"]
[SourceVersion "1"]
[SourceVersionDate "2008.06.24"]
[SourceQuality "1"]

1. e3 e5 2. b3 Nf6 3. Bb2 d6 4. Nf3 e4 5. Nd4 Be7 6. c4 Na6 7. d3 d5 8. cxd5 0-0 9. Nc3 Bb4 10. Rc1 Qxd5 11. a3 Bxc3+ 12. Bxc3 Rd8 13. dxe4 Nxe4 14. Qf3 Nxc3 15. Bxa6 Qa5 16. 0-0 c5 17. Bc4 cxd4 18. exd4 Be6 1-0